000 00447nam a22001817a 4500
003 MPLRDC
005 20220104143314.0
008 210129b ||||| |||| 00| 0 eng d
020 _a7-80548-341-8
082 _a997.12 ZHZ c.2
100 _a朱鹤洲
245 _a象棋排局精品
_c
250 _a一版一刷
260 _a
_b蜀蓉棋艺出版社
_c1992
300 _b
650 _a智力游戏--棋艺
942 _cBK
_o997.12 ZHZ c.2
999 _c38611
_d38601